| 000 | 01669cam a22003131i 4500 | ||
|---|---|---|---|
| 003 | SA-RiAUC | ||
| 005 | 20250803092138.0 | ||
| 008 | 250801s2001 xx g 000 0 ara c | ||
| 040 |
_aSA-JeALM _bara _cSA-RiAUC _erda |
||
| 043 | _aa-su--- | ||
| 082 | 0 | 4 |
_a953.122 _qSA-RiAUC |
| 090 |
_a953.122 _bك ا ز |
||
| 100 | 1 |
_aالكازروني، أحمد بن مسدد بن محمد، _dتوفي 887 هجري _eمؤلف. |
|
| 245 | 1 | 2 |
_aالحدائق الغوالي في قبا والعوالي / _cأحمد بن مسدد بن محمد الكازروني ؛ [مراجعة السيد جعفر حسين آل هاشم] ؛ [تحقيق محمد بن محمد فال العلوي الشنقيطي] |
| 264 | 1 |
_a[مكان النشر غير محدد] : _b[الناشر غير محدد]، _c2001. |
|
| 300 |
_a[147] صفحة ؛ _c24 × 17 سم |
||
| 336 |
_aنص _btxt _2rdacontent _3كتاب |
||
| 337 |
_aبدون وسيط _bn _2rdamedia |
||
| 338 |
_aمجلد _bnc _2rdacarrier |
||
| 651 | 7 |
_aالمدينة المنورة _xتاريخ _2aucsh |
|
| 651 | 7 |
_aالمدينة المنورة _xآثار _2aucsh |
|
| 651 | 7 |
_aالمدينة المنورة _xوصف ورحلات _2aucsh |
|
| 651 | 7 |
_aالسعودية _xوصف ورحلات _2aucsh |
|
| 700 | 1 |
_aآل هاشم، جعفر حسين _eمراجع. |
|
| 700 | 1 |
_aالشنقيطي، محمد فال أباه بن عبد الله العلوي، _d1354 هجري- _eمحقق. |
|
| 700 | 1 | 2 |
_iتحقيق لـ : _aالكازروني، أحمد بن مسدد بن محمد، _dتوفي 887 هجري. _tالحدائق الغوالي في قبا والعوالي |
| 942 |
_2ddc _cBOOK _n0 |
||
| 949 |
_aSA-JeALM _d250801 _umohamedma123 _n1 |
||
| 999 |
_c10517 _d10517 |
||